00304nam a2200121Ia 4500008004100000041000800041082001400049100001800063245002900081260003900110300002600149365000700175240624s9999 xx 000 0 und d aeng a004.3 SIM aSIMON DAVID E aEMBEDDED SOFTWARE PRIMER c2004aNew DelhibPearson Education axix, : 424 : cm. ; 24 cRS